[Event "4NCL Division 4 South"]
[Site "Reading, ENG"]
[Date "2018.05.06"]
[Round "10.11"]
[White "Kalitsis, Nikolaos"]
[Black "Norman, Kenneth I"]
[Result "1-0"]
[WhiteElo "2049"]
[BlackElo "2105"]
[PlyCount "51"]
[EventDate "2018.05.06"]

1. e4 e5 2. Nf3 Nc6 3. c3 Nf6 4. Qc2 d5 5. d3 dxe4 6. dxe4 Bd6 7. Bg5 h6 8. Bh4
g5 9. Bg3 Nh5 10. Nbd2 Be6 11. O-O-O Qf6 12. Bb5 O-O 13. Bxc6 bxc6 14. c4 c5
15. Nf1 Bg4 16. Ne3 Bxf3 17. gxf3 Qe6 18. h4 Ng7 19. hxg5 hxg5 20. Ng4 Rfd8 21.
Rh6 Qc8 22. Nf6+ Kf8 23. Bxe5 Ne6 24. Rh8+ Ke7 25. Nd5+ Kd7 26. Qa4+ 1-0

[Event "4NCL Division 4 South"]
[Site "Reading, ENG"]
[Date "2018.05.06"]
[Round "10.12"]
[White "Crombleholme, Alan K"]
[Black "Vlcek, Marek"]
[Result "1-0"]
[WhiteElo "1992"]
[BlackElo "1968"]
[PlyCount "67"]
[EventDate "2018.05.06"]

1. Nf3 Nf6 2. c4 d6 3. d4 g6 4. Nc3 Bg7 5. e4 O-O 6. Be2 c5 7. d5 Nbd7 8. O-O
Nb6 9. a4 Bg4 10. Nd2 Bxe2 11. Qxe2 e5 12. Nf3 Nh5 13. a5 Nd7 14. g3 h6 15. Bd2
Kh7 16. Ra3 a6 17. Nd1 f5 18. exf5 Rxf5 19. Nh4 Rf4 20. Nxg6 Kxg6 21. gxf4 exf4
22. Bxf4 Nxf4 23. Qe4+ Kf7 24. Qxf4+ Nf6 25. Re1 Qd7 26. Re6 Rd8 27. Rg3 Rf8
28. Nc3 Qd8 29. Ne4 Kg8 30. Nxf6+ Kh8 31. Rxg7 Kxg7 32. Nh5+ Kh8 33. Qxh6+ Kg8
34. Qg7# 1-0

[Event "4NCL Division 4 South"]
[Site "Reading, ENG"]
[Date "2018.05.06"]
[Round "10.13"]
[White "Lawson, Maurice E"]
[Black "Reynolds, D Ian W"]
[Result "1/2-1/2"]
[WhiteElo "1964"]
[BlackElo "1955"]
[PlyCount "36"]
[EventDate "2018.05.06"]

1. e4 e5 2. Nf3 Nc6 3. Bc4 Bc5 4. c3 Nf6 5. d3 a6 6. Bb3 Ba7 7. h3 d6 8. Nbd2
Be6 9. Bc2 O-O 10. Nf1 d5 11. Qe2 dxe4 12. dxe4 h6 13. Be3 Bxe3 14. Nxe3 Qe7
15. Nf5 Bxf5 16. exf5 Rfe8 17. Be4 Nxe4 18. Qxe4 Qc5 1/2-1/2

[Event "4NCL Division 4 South"]
[Site "Reading, ENG"]
[Date "2018.05.06"]
[Round "10.14"]
[White "Botham, C Paul"]
[Black "Rice, Chris B"]
[Result "1/2-1/2"]
[WhiteElo "1958"]
[BlackElo "1963"]
[PlyCount "68"]
[EventDate "2018.05.06"]

1. c4 c6 2. e3 Nf6 3. Nf3 d5 4. b3 Bg4 5. Bb2 e6 6. h3 Bh5 7. Be2 Nbd7 8. O-O
Bd6 9. cxd5 exd5 10. d4 Qe7 11. a4 a5 12. Ba3 Bxa3 13. Rxa3 Ne4 14. Ra1 O-O 15.
Nfd2 Bxe2 16. Qxe2 f5 17. Nxe4 fxe4 18. Nd2 Rae8 19. Rae1 Qb4 20. Rb1 Re7 21.
Qd1 Rf6 22. Qc2 Nb8 23. Rbc1 Na6 24. Qc3 Rfe6 25. Rfd1 b6 26. Nf1 Qd6 27. Ng3
Rf7 28. Rd2 Nb4 29. Ne2 Ref6 30. Rf1 Nd3 31. Nc1 Nb4 32. Na2 Nd3 33. Nc1 Nb4
34. Na2 Nd3 1/2-1/2

[Event "4NCL Division 4 South"]
[Site "Reading, ENG"]
[Date "2018.05.06"]
[Round "10.15"]
[White "Foley, John P"]
[Black "Feavyour, John A"]
[Result "1-0"]
[WhiteElo "1957"]
[BlackElo "1989"]
[PlyCount "27"]
[EventDate "2018.05.06"]

1. d4 Nf6 2. Nf3 g6 3. Bf4 Bg7 4. Nc3 O-O 5. e4 d6 6. Be2 Bg4 7. h3 Bxf3 8.
Bxf3 c6 9. O-O Nbd7 10. e5 Ne8 11. Re1 dxe5 12. dxe5 Nc7 13. Bg4 h5 14. Bxd7
1-0

[Event "4NCL Division 4 South"]
[Site "Reading, ENG"]
[Date "2018.05.06"]
[Round "10.16"]
[White "Calvert, D Ian"]
[Black "Stayt, James N"]
[Result "1/2-1/2"]
[WhiteElo "1912"]
[BlackElo "1942"]
[PlyCount "101"]
[EventDate "2018.05.06"]

1. b3 d5 2. Bb2 c5 3. e3 e6 4. Nf3 Nf6 5. d4 Nc6 6. Nbd2 cxd4 7. exd4 Bd6 8.
Bd3 O-O 9. O-O b6 10. a3 Bb7 11. Ne5 Nd7 12. f4 Ncxe5 13. fxe5 Be7 14. Qg4 Bc8
15. Qh3 g6 16. Rf3 f5 17. Raf1 Rf7 18. g4 Nf8 19. Bc1 a5 20. Kh1 Ba6 21. Bxa6
Rxa6 22. Rg1 Kh8 23. Nf1 Ra7 24. Ng3 Rc7 25. c3 Qc8 26. Ne2 Qe8 27. b4 axb4 28.
axb4 Bd8 29. Bh6 fxg4 30. Qxg4 Rxf3 31. Qxf3 Rf7 32. Qg2 Nd7 33. Rf1 Be7 34.
Be3 Rxf1+ 35. Qxf1 Qf8 36. Qxf8+ 36... Nxf8 $11 37. Kg2 Kg7 38. Kg3 Kf7 39. h4
Nd7 40. Kg4 h5+ 41. Kg3 b5 42. Ng1 Nb6 43. Nf3 Na4 44. Bd2 Bd8 45. Kf2 Be7 46.
Ke2 Bd8 47. Kd3 Be7 48. Bg5 Nb2+ 49. Kc2 Na4 50. Kd2 Kf8 51. Kc2 1/2-1/2

[Event "4NCL Division 4 South"]
[Site "Reading, ENG"]
[Date "2018.05.06"]
[Round "10.21"]
[White "Sagues, Vincent"]
[Black "Ireland, David J"]
[Result "1-0"]
[WhiteElo "1907"]
[BlackElo "1997"]
[PlyCount "107"]
[EventDate "2018.05.06"]

1. e4 c5 2. Nf3 d6 3. d4 cxd4 4. Nxd4 Nf6 5. f3 g6 6. c4 Bg7 7. Nc3 Nc6 8. Be3
Bd7 9. Qd2 O-O 10. Be2 a6 11. O-O Nxd4 12. Bxd4 Bc6 13. Rfd1 Nd7 14. Be3 Re8
15. Nd5 Bxd5 16. cxd5 Rc8 17. Rac1 Rxc1 18. Rxc1 Qb8 19. Qc2 e6 20. dxe6 fxe6
21. b4 Ne5 22. b5 axb5 23. Bxb5 Re7 24. Qc8+ Qxc8 25. Rxc8+ Kf7 26. Bb6 Nc6 27.
Bxc6 bxc6 28. Rxc6 d5 29. Kf1 dxe4 30. fxe4 Be5 31. h3 Rd7 32. Ke2 Bd4 33. Rc7
Rxc7 34. Bxc7 Ke7 35. Kd3 Ba7 36. Kc4 Kd7 37. Be5 Kc6 38. Bd4 Bb8 39. a4 Bc7
40. Bc3 Bd6 41. a5 Bc7 42. Kb4 Bd6+ 43. Kc4 Bc7 44. a6 Bd6 45. Bd4 Be7 46. a7
Kb7 47. Kb5 Ba3 48. a8=Q+ Kxa8 49. Kc6 h5 50. Kd7 g5 51. Kxe6 g4 52. hxg4 hxg4
53. Kd7 Kb7 54. e5 1-0

[Event "4NCL Division 4 South"]
[Site "Reading, ENG"]
[Date "2018.05.06"]
[Round "10.22"]
[White "Pink, Joshua"]
[Black "Szymanski, Mark"]
[Result "1-0"]
[WhiteElo "2050"]
[BlackElo "1894"]
[PlyCount "61"]
[EventDate "2018.05.06"]

1. e4 c6 2. d4 d5 3. e5 Bf5 4. Nc3 e6 5. g4 Bg6 6. Nge2 h6 7. h4 Bb4 8. a3
Bxc3+ 9. Nxc3 Ne7 10. h5 Bh7 11. Bd3 Bxd3 12. Qxd3 Qa5 13. Bd2 Qa6 14. Qe3 Nd7
15. f4 Qb6 16. b4 Qa6 17. Kf2 Nb6 18. b5 cxb5 19. Rhb1 Nc4 20. Qd3 Qc6 21. Nxb5
Nc8 22. a4 O-O 23. Bb4 Re8 24. g5 a6 25. gxh6 Re7 26. Rg1 Nxe5 27. Rxg7+ Kf8
28. fxe5 axb5 29. h7 Kxg7 30. Rg1+ Kh8 31. Rg8# 1-0

[Event "4NCL Division 4 South"]
[Site "Reading, ENG"]
[Date "2018.05.06"]
[Round "10.23"]
[White "Gibbs, Dominic V"]
[Black "Nwachukwu, Chino"]
[Result "1/2-1/2"]
[WhiteElo "1880"]
[BlackElo "1915"]
[PlyCount "108"]
[EventDate "2018.05.06"]

1. e4 c5 2. c3 e6 3. d4 d5 4. e5 Nc6 5. Nf3 c4 6. b3 b5 7. a4 b4 8. bxc4 dxc4
9. Bxc4 bxc3 10. Nxc3 Bb4 11. Qd3 Nge7 12. O-O O-O 13. Ne4 Nf5 14. Bg5 Qb6 15.
Rfd1 Na5 16. Ba2 Ba6 17. Qb1 Be2 18. Rc1 Bxf3 19. gxf3 Ba3 20. Qxb6 axb6 21.
Rd1 Bb2 22. Rab1 Bxd4 23. Bf4 Rac8 24. Nd6 Rc2 25. Nxf5 Bxf2+ 26. Kf1 exf5 27.
Rd2 Rxd2 28. Bxd2 Bd4 29. Bxa5 bxa5 30. e6 g6 31. Rd1 Bc5 32. exf7+ Kg7 33. Re1
Bb4 34. Re8 h5 35. Kg2 g5 36. h3 h4 37. Bc4 Kf6 38. Kf1 Kg6 39. Ke2 Kf6 40. Kf1
Be7 41. Kg2 Bb4 42. Bd5 Bc5 43. Bc4 Bb4 44. Bd5 Be7 45. Bc4 Rxf7 46. Bxf7 Kxf7
47. Ra8 Bb4 48. Ra6 Ke7 49. Kf2 Kf7 50. Ke2 Kg7 51. Re6 Kf7 52. Rc6 Kg7 53. Ke3
Be1 54. Ke2 Bb4 1/2-1/2

[Event "4NCL Division 4 South"]
[Site "Reading, ENG"]
[Date "2018.05.06"]
[Round "10.24"]
[White "Woolgar, Steven G"]
[Black "Kenning, Paul H"]
[Result "0-1"]
[WhiteElo "1780"]
[BlackElo "1841"]
[PlyCount "58"]
[EventDate "2018.05.06"]

1. c4 d6 2. Nc3 e5 3. g3 f5 4. d3 Nf6 5. Bg2 Be7 6. Nf3 O-O 7. c5 c6 8. O-O Na6
9. cxd6 Bxd6 10. a3 Qe8 11. h4 Qg6 12. Qe1 f4 13. Ng5 Nc5 14. Nce4 Ncxe4 15.
Nxe4 Nxe4 16. Bxe4 Bf5 17. Bxf5 Rxf5 18. b4 Raf8 19. e4 R5f7 20. Kg2 Be7 21.
Rh1 fxg3 22. fxg3 Rf3 23. Be3 Qg4 24. Ra2 R8f6 25. Rd2 Rg6 26. Bf2 Bxh4 27. Rh3
Bg5 28. Rd1 a6 29. Qe2 Rxg3+ 0-1

[Event "4NCL Division 4 South"]
[Site "Reading, ENG"]
[Date "2018.05.06"]
[Round "10.25"]
[White "Lightfoot, Malcolm J"]
[Black "Price, Andrew"]
[Result "1/2-1/2"]
[WhiteElo "1881"]
[BlackElo "1832"]
[PlyCount "35"]
[EventDate "2018.05.06"]

1. e4 d5 2. exd5 Qxd5 3. Nc3 Qa5 4. d4 Nf6 5. Nf3 Bf5 6. Bc4 e6 7. Bd2 c6 8.
Nd5 Qd8 9. Nxf6+ Qxf6 10. O-O Nd7 11. c3 Bd6 12. Bg5 Qg6 13. Qd2 h6 14. Bf4
Bxf4 15. Qxf4 O-O-O 16. Ne5 Nxe5 17. Qxe5 Bh3 18. Qg3 1/2-1/2

[Event "4NCL Division 4 South"]
[Site "Reading, ENG"]
[Date "2018.05.06"]
[Round "10.26"]
[White "Conway, John"]
[Black "Donaghay, Richard H"]
[Result "1/2-1/2"]
[WhiteElo "1615"]
[BlackElo "1845"]
[PlyCount "63"]
[EventDate "2018.05.06"]

1. e4 d5 2. exd5 Nf6 3. Nf3 Nxd5 4. d4 Bf5 5. Be2 e6 6. O-O Be7 7. a3 Nd7 8. c4
N5b6 9. Nc3 c6 10. Qb3 Qc7 11. Be3 O-O 12. Rac1 c5 13. Rfd1 cxd4 14. Nxd4 Bg6
15. Ndb5 Qb8 16. Na4 Nxa4 17. Qxa4 Nc5 18. Bxc5 Bxc5 19. b4 Bb6 20. c5 Bc7 21.
Nxc7 Qxc7 22. Rd7 Qf4 23. Rcd1 Be4 24. b5 Qf5 25. Qc4 Rac8 26. c6 bxc6 27. Rxa7
cxb5 28. Qxb5 Qg6 29. Bf1 Bd5 30. Qd3 Qxd3 31. Bxd3 Rc3 32. Bb5 1/2-1/2

[Event "4NCL Division 4 South"]
[Site "Reading, ENG"]
[Date "2018.05.06"]
[Round "10.31"]
[White "Briscoe, Chris"]
[Black "Hayward, Philip"]
[Result "1-0"]
[WhiteElo "2202"]
[BlackElo "1894"]
[PlyCount "67"]
[EventDate "2018.05.06"]

1. e4 e6 2. d4 d5 3. Nc3 Bb4 4. e5 c5 5. a3 Bxc3+ 6. bxc3 Qa5 7. Bd2 Qa4 8. Qg4
Kf8 9. Nf3 Ne7 10. Be2 Qxc2 11. dxc5 Nbc6 12. Rd1 h5 13. Qg5 Qe4 14. Qe3 f6 15.
Qxe4 dxe4 16. exf6 gxf6 17. Nh4 Kg7 18. O-O b6 19. f3 e3 20. Bxe3 Nd5 21. Nf5+
Kg6 22. Bc4 bxc5 23. Nh4+ Kg7 24. Bxd5 exd5 25. Rxd5 c4 26. Rc5 Ne5 27. Rc7+
Nf7 28. Re1 Rd8 29. Bh6+ Kxh6 30. Rxf7 Rb8 31. h3 Rg8 32. f4 Rb7 33. Rxb7 Bxb7
34. Nf5+ 1-0

[Event "4NCL Division 4 South"]
[Site "Reading, ENG"]
[Date "2018.05.06"]
[Round "10.32"]
[White "Foster, Cyril"]
[Black "Scott, David A"]
[Result "0-1"]
[WhiteElo "1892"]
[BlackElo "2142"]
[PlyCount "70"]
[EventDate "2018.05.06"]

1. d4 Nf6 2. c4 e6 3. Nc3 Bb4 4. Qc2 O-O 5. a3 Bxc3+ 6. Qxc3 b6 7. Bg5 Bb7 8.
f3 h6 9. Bh4 d5 10. cxd5 exd5 11. e3 Nbd7 12. Bd3 Re8 13. Ne2 Rc8 14. O-O Qe7
15. Bf5 g5 16. Bf2 Ba6 17. Rfe1 c5 18. Qd2 Bxe2 19. Rxe2 cxd4 20. Rae1 dxe3 21.
Bxe3 Qf8 22. h4 Re5 23. g4 Rxf5 24. gxf5 Ne5 25. Kf2 Neg4+ 26. fxg4 Ne4+ 27.
Kg2 Nxd2 28. Bxd2 gxh4 29. Bc3 Kh7 30. Re7 Qg8 31. Kh3 Rc4 32. Re8 Qxg4+ 33.
Kh2 Qg3+ 34. Kh1 Qh3+ 35. Kg1 Rg4+ 0-1

[Event "4NCL Division 4 South"]
[Site "Reading, ENG"]
[Date "2018.05.06"]
[Round "10.33"]
[White "Singleton, Michael P F"]
[Black "Cole, Graham"]
[Result "1/2-1/2"]
[WhiteElo "2077"]
[BlackElo "1848"]
[PlyCount "80"]
[EventDate "2018.05.06"]

1. d4 Nf6 2. c4 g6 3. Nc3 Bg7 4. e4 d6 5. f4 O-O 6. Be2 c5 7. d5 e6 8. Nf3 exd5
9. cxd5 Bg4 10. O-O Nbd7 11. h3 Bxf3 12. Bxf3 a6 13. a4 Re8 14. Be3 Rb8 15. Bf2
b5 16. axb5 axb5 17. Re1 b4 18. Nb1 Ra8 19. Rxa8 Qxa8 20. Nd2 Qa2 21. b3 Nb6
22. Re2 Qa6 23. Kh2 Qd3 24. Re3 Qa6 25. Nb1 Qa2 26. Re2 Qa6 27. g4 Nfd7 28. Bg3
Bd4 29. Bf2 Bg7 30. Bg3 Bd4 31. Qe1 Qd3 32. Nd2 Bc3 33. Qd1 Nxd5 34. exd5 Rxe2+
35. Qxe2 Qxe2+ 36. Bxe2 Bxd2 37. f5 Ne5 38. fxg6 fxg6 39. Bxe5 dxe5 40. Bd3 Bg5
1/2-1/2

[Event "4NCL Division 4 South"]
[Site "Reading, ENG"]
[Date "2018.05.06"]
[Round "10.34"]
[White "Neatherway, A Philip"]
[Black "Seymour, Timothy P"]
[Result "1/2-1/2"]
[WhiteElo "1810"]
[BlackElo "2038"]
[PlyCount "79"]
[EventDate "2018.05.06"]

1. e4 e5 2. Nf3 Nc6 3. Nc3 Nf6 4. d4 exd4 5. Nxd4 Bb4 6. Nxc6 bxc6 7. Bd3 O-O
8. O-O d5 9. exd5 cxd5 10. Ne2 Bd6 11. Bf4 Rb8 12. b3 c5 13. Qd2 Re8 14. Ng3 g6
15. Rfe1 Be6 16. Rad1 Qc7 17. Bg5 Nd7 18. Bh6 Ne5 19. Qg5 Nxd3 20. Rxd3 Be7 21.
Qd2 Qb6 22. Qf4 Qd6 23. Re5 Bf8 24. Bxf8 Qxf8 25. Nh5 Rb4 26. Nf6+ Kh8 27. Qd2
Qg7 28. Nxe8 Qxe5 29. Re3 Qb8 30. Nf6 Qf4 31. Nxd5 Rd4 32. Nxf4 Rxd2 33. Kf1
Rxc2 34. Nxe6 fxe6 35. Rxe6 Rxa2 36. Rc6 Ra5 37. Rc7 a6 38. f4 Rb5 39. Kf2 Rxb3
40. Rxc5 1/2-1/2

[Event "4NCL Division 4 South"]
[Site "Reading, ENG"]
[Date "2018.05.06"]
[Round "10.35"]
[White "Faulks, Nick"]
[Black "Tselos, Aristotelis"]
[Result "0-1"]
[WhiteElo "1919"]
[BlackElo "1772"]
[PlyCount "94"]
[EventDate "2018.05.06"]

1. e4 e5 2. f4 exf4 3. Bc4 Qh4+ 4. Kf1 Nc6 5. Nf3 Qg4 6. d4 Nf6 7. Qe2 d6 8.
Nc3 Bd7 9. h3 Qg6 10. Bxf4 Nh5 11. Qe3 O-O-O 12. Bh2 Be7 13. d5 Nb8 14. Qxa7 f5
15. e5 dxe5 16. Nxe5 Qg5 17. Qf2 Rhf8 18. Nf3 Qf6 19. Be5 Qg6 20. g3 f4 21. Bd3
Nxg3+ 22. Kg1 Nxh1+ 23. Kxh1 Qg3 24. Qxg3 fxg3 25. Kg2 Bd6 26. Bxd6 cxd6 27.
Ne4 Bxh3+ 28. Kxg3 Bf5 29. Nd4 Bxe4 30. Bxe4 Rh8 31. Bf5+ Nd7 32. Nb5 g6 33.
Be6 Kb8 34. Nxd6 Ne5 35. Kf4 Rxd6 36. Kxe5 Rdd8 37. d6 h5 38. Rg1 h4 39. Rxg6
Rh5+ 40. Bf5 Rf8 41. Rf6 Rxf6 42. Kxf6 h3 43. Be4 h2 44. Bh1 Kc8 45. Ke6 Kd8
46. c4 Rc5 47. b3 b5 0-1

[Event "4NCL Division 4 South"]
[Site "Reading, ENG"]
[Date "2018.05.06"]
[Round "10.36"]
[White "Rayner, Hugo"]
[Black "Alcock, Graham P"]
[Result "0-1"]
[WhiteElo "1577"]
[BlackElo "1767"]
[PlyCount "64"]
[EventDate "2018.05.06"]

1. e4 d5 2. exd5 Qxd5 3. Nc3 Qd6 4. Nf3 Bg4 5. Be2 Nf6 6. O-O e6 7. d3 Nc6 8.
Be3 a6 9. Qd2 Qd7 10. a3 Bd6 11. h3 Bh5 12. Rfe1 h6 13. Nd4 Bxe2 14. Qxe2 O-O-O
15. Nb3 Rde8 16. Nc5 Qe7 17. N5e4 Nxe4 18. dxe4 g5 19. Rad1 f5 20. Bd4 Nxd4 21.
Rxd4 Be5 22. Rc4 f4 23. Rd1 h5 24. f3 Reg8 25. Na4 Kb8 26. Nc5 Bd6 27. Nb3 e5
28. Na5 g4 29. Kf1 gxh3 30. gxh3 Bc5 31. Ke1 Rg1+ 32. Kd2 Rd8+ 0-1

[Event "4NCL Division 4 South"]
[Site "Reading, ENG"]
[Date "2018.05.06"]
[Round "10.41"]
[White "Farr, Peter G"]
[Black "Cooksey, Paul S"]
[Result "1/2-1/2"]
[WhiteElo "2192"]
[BlackElo "2410"]
[PlyCount "81"]
[EventDate "2018.05.06"]

1. c4 c6 2. Nf3 d5 3. g3 Nf6 4. Bg2 Bg4 5. b3 e6 6. Bb2 Nbd7 7. O-O Bd6 8. d3
Qe7 9. Nbd2 Ba3 10. Qc2 O-O 11. Rfe1 a5 12. h3 Bxf3 13. Nxf3 a4 14. Bc3 Ra7 15.
Reb1 Bb4 16. Ne5 Rfa8 17. Nxd7 Nxd7 18. cxd5 Bxc3 19. Qxc3 exd5 20. b4 Qxe2 21.
Re1 Qh5 22. Re7 Nf8 23. Re5 Qg6 24. Rae1 Qd6 25. h4 Rd8 26. b5 Raa8 27. h5 h6
28. Re7 Rab8 29. Bh3 d4 30. Qc4 Qd5 31. Qxa4 Qxh5 32. Bg2 Qxb5 33. Qxb5 cxb5
34. Rb1 Ne6 35. Rxb5 b6 36. Rf5 Rf8 37. Bd5 Nc5 38. Rfxf7 Rxf7 39. Rxf7 Kh7 40.
Rf4 Rd8 41. Bc4 1/2-1/2

[Event "4NCL Division 4 South"]
[Site "Reading, ENG"]
[Date "2018.05.06"]
[Round "10.42"]
[White "Webb, Richard M"]
[Black "Balaji, Aaravamudhan"]
[Result "1-0"]
[WhiteElo "2218"]
[BlackElo "2042"]
[PlyCount "109"]
[EventDate "2018.05.06"]

1. e4 d6 2. d4 Nf6 3. Nc3 g6 4. Nf3 Bg7 5. Be2 O-O 6. O-O c6 7. a4 a5 8. h3 Na6
9. Re1 Nb4 10. Bf4 Qb6 11. Bf1 Rd8 12. Qc1 Nd7 13. Bg5 Re8 14. Nb1 e5 15. c3
Na6 16. Nbd2 Nf8 17. Nc4 Qc7 18. dxe5 dxe5 19. Be3 c5 20. Qc2 Be6 21. Na3 21...
Red8 $11 22. Ng5 Rac8 23. Nxe6 Nxe6 24. Rad1 Rxd1 25. Rxd1 Rd8 26. Rxd8+ Nxd8
27. Qb3 Bf8 28. Bc4 Bd6 29. Nb5 Qe7 30. Qd1 Bb8 31. Qd2 Ne6 32. Bxe6 fxe6 33.
Bg5 Qe8 34. Qd8 Qxd8 35. Bxd8 Kf7 36. Bxa5 Ke8 37. c4 Nb4 38. Kf1 Kd7 39. Ke2
h5 40. Kf3 Ke7 41. Ke2 41... Kd7 $11 42. Bxb4 cxb4 43. Kd3 Bd6 44. Nxd6 Kxd6
45. h4 b6 46. Kc2 Kc5 47. Kb3 Kd4 48. Kxb4 Kxe4 49. c5 bxc5+ 50. Kxc5 Kd3 51.
a5 Ke2 52. a6 Kxf2 53. a7 e4 54. a8=Q e3 55. Qf3+ 1-0

[Event "4NCL Division 4 South"]
[Site "Reading, ENG"]
[Date "2018.05.06"]
[Round "10.43"]
[White "Watson, Mikey J"]
[Black "Coates, Kenneth G"]
[Result "1/2-1/2"]
[WhiteElo "1997"]
[BlackElo "2084"]
[PlyCount "114"]
[EventDate "2018.05.06"]

1. Nf3 d5 2. d4 Nf6 3. g3 g6 4. c4 c6 5. b3 Bg7 6. Bg2 O-O 7. O-O Bf5 8. Nbd2
Ne4 9. Bb2 Nd7 10. Nh4 Nxd2 11. Qxd2 dxc4 12. Nxf5 gxf5 13. bxc4 Nb6 14. Rac1
Qd7 15. Rfd1 Rfd8 16. Qc2 Rac8 17. e3 e6 18. Qb3 Rc7 19. a4 Qc8 20. Ba3 Qd7 21.
a5 Nc8 22. Bc5 Bf8 23. Bxf8 Kxf8 24. Rb1 a6 25. Qb2 Kg8 26. Qe2 Nd6 27. Rb2 Qe7
28. Rbd2 Qf6 29. h4 Kh8 30. Qd3 Rcd7 31. e4 fxe4 32. Bxe4 Nxe4 33. Qxe4 Rc8 34.
Qe5 Kg7 35. f4 Rcd8 36. Kf2 Qxe5 37. fxe5 f6 38. exf6+ Kxf6 39. Ke3 Rg7 40.
Rf1+ Ke7 41. Rg2 Rdg8 42. Rf3 Rg4 43. Rb2 Rb8 44. Kd3 Kd6 45. Kc3 e5 46. dxe5+
Kc5 47. Re3 Rxc4+ 48. Kd2 b5 49. axb6 Rxb6 50. Rxb6 Kxb6 51. e6 Rd4+ 52. Kc3
Rd8 53. Kc4 Kc7 54. Ra3 Re8 55. Rxa6 Rxe6 56. Ra7+ Kd6 57. Rxh7 Rg6 1/2-1/2

[Event "4NCL Division 4 South"]
[Site "Reading, ENG"]
[Date "2018.05.06"]
[Round "10.44"]
[White "Marley, Andrew S G"]
[Black "Royal, Shreyas"]
[Result "0-1"]
[WhiteElo "1943"]
[BlackElo "1907"]
[PlyCount "70"]
[EventDate "2018.05.06"]

1. c4 e6 2. g3 d5 3. Bg2 c6 4. d4 dxc4 5. Nf3 b5 6. a4 Bb7 7. Ne5 Qc7 8. O-O
Bd6 9. Nc3 a6 10. Ne4 f6 11. Nf3 Ne7 12. b3 cxb3 13. Qxb3 Nd5 14. Bh3 f5 15.
Nxd6+ Qxd6 16. e4 fxe4 17. Ng5 Bc8 18. Nxe4 Qe7 19. Bg5 Qc7 20. Nc5 h6 21. Bd2
Qf7 22. Bxe6 Bxe6 23. Nxe6 Ra7 24. Rae1 Re7 25. Bb4 Nxb4 26. Qxb4 Kd7 27. Nc5+
Kc8 28. Ne4 Kd7 29. Qd6+ Kc8 30. axb5 Rhe8 31. f3 axb5 32. Ra1 Rd7 33. Ra8 Kb7
34. Nc5+ Kxa8 35. Ra1+ Ra7 0-1

[Event "4NCL Division 4 South"]
[Site "Reading, ENG"]
[Date "2018.05.06"]
[Round "10.45"]
[White "Cook, John"]
[Black "Tart, Peter K"]
[Result "0-1"]
[WhiteElo "1825"]
[BlackElo "1939"]
[PlyCount "166"]
[EventDate "2018.05.06"]

1. c4 f5 2. Nf3 Nf6 3. g3 d6 4. d4 e6 5. Bg2 Be7 6. Nc3 O-O 7. O-O Ne4 8. Qc2
Nxc3 9. Qxc3 Bf6 10. Be3 Nc6 11. Qb3 Kh8 12. Rfd1 Qe8 13. d5 Na5 14. Qb4 b6 15.
dxe6 Bxe6 16. Rac1 c5 17. Qb5 Bd7 18. Qa6 Bxb2 19. Rb1 Bf6 20. Rxd6 Bc8 21. Qb5
Qxb5 22. cxb5 Nc4 23. Rd3 f4 24. Bxf4 Bf5 25. Ne1 Rae8 26. e4 Bxe4 27. Bxe4
Rxe4 28. Rd7 Na3 29. Rbd1 Nxb5 30. Ng2 Nc3 31. R1d2 Ne2+ 32. Kf1 Rfe8 33. Rxa7
c4 34. Rc7 c3 35. Rc2 Nd4 36. Rc1 Nb5 37. Rc6 Bd4 38. Be3 Bxe3 39. Nxe3 Rf8 40.
Kg2 Ra4 41. Rxb6 Nd4 42. Ra1 Rc8 43. Rd6 h6 44. Rc1 c2 45. h4 Rb4 46. Rxd4 Rxd4
47. Rxc2 Rxc2 48. Nxc2 Rd2 49. Nb4 Rb2 50. a3 Rb3 51. Nc2 Rc3 52. Ne3 Rxa3 53.
g4 Kg8 54. Nf5 Kf7 55. f3 Kf6 56. Nd6 g6 57. Kg3 Ra1 58. Ne4+ Ke5 59. Nf2 Ra3
60. Ne4 $11 60... Ra4 61. Nc5 Rc4 62. Nd3+ Kd4 63. Nf4 Rc6 64. Kf2 Rf6 65. Kg3
Ra6 66. Kf2 Kc4 67. Ke3 Rb6 68. Ke4 Ra6 69. Ke5 Kc3 70. Nd5+ Kd2 71. f4 Ke2 72.
g5 hxg5 73. hxg5 Kf3 74. Kd4 Rd6 75. Ke5 Rxd5+ 76. Kxd5 Kxf4 77. Kd4 Kxg5 78.
Ke3 Kg4 79. Kf2 Kh3 80. Kg1 g5 81. Kh1 g4 82. Kg1 Kg3 83. Kh1 Kf2 0-1

[Event "4NCL Division 4 South"]
[Site "Reading, ENG"]
[Date "2018.05.06"]
[Round "10.46"]
[White "Kirby, Andrew"]
[Black "Mann, Lev"]
[Result "1-0"]
[WhiteElo "1424"]
[BlackElo "1435"]
[PlyCount "49"]
[EventDate "2018.05.06"]

1. c4 c5 2. Nc3 Nf6 3. g3 Nc6 4. Bg2 d6 5. e4 g6 6. Nge2 Bg7 7. O-O O-O 8. d3
Bg4 9. h3 Bd7 10. f4 Qc8 11. Kh2 Rb8 12. a4 Nb4 13. Na2 Nxa2 14. Rxa2 a6 15. g4
e6 16. Ng3 h6 17. h4 Ne8 18. f5 Nc7 19. f6 Bh8 20. Bxh6 Re8 21. h5 gxh5 22. e5
dxe5 23. Qd2 Bc6 24. Qg5+ Kh7 25. Bg7 1-0

[Event "4NCL Division 4 South"]
[Site "Reading, ENG"]
[Date "2018.05.06"]
[Round "10.51"]
[White "Walkusz, Miroslaw"]
[Black "De Coverly, Roger D"]
[Result "1/2-1/2"]
[WhiteElo "1944"]
[BlackElo "1934"]
[PlyCount "106"]
[EventDate "2018.05.06"]

1. d4 Nf6 2. Nf3 g6 3. c4 Bg7 4. Nc3 O-O 5. e4 d6 6. Be2 e5 7. d5 Nbd7 8. Bg5
h6 9. Bh4 g5 10. Bg3 Nh5 11. h4 g4 12. Nh2 Nxg3 13. fxg3 h5 14. O-O f5 15. exf5
Nc5 16. f6 Rxf6 17. Qc2 a5 18. Ne4 Nxe4 19. Qxe4 Bd7 20. Bd3 Rh6 21. Qe3 Qe7
22. Be4 b6 23. Rf2 Rf8 24. Raf1 Rxf2 25. Rxf2 Be8 26. Bf5 Bf7 27. Qg5 Qe8 28.
Be4 Bg6 29. Qe3 Bxe4 30. Qxe4 Qg6 31. Qxg6 Rxg6 32. Rf5 e4 33. Kf2 Rf6 34. Rxf6
Bxf6 35. Ke3 Bxb2 36. Kxe4 Kf7 37. Nf1 Kf6 38. Kf4 Be5+ 39. Ke4 a4 40. Kd3 Ba1
41. Ke4 Bc3 42. Kd3 Bb4 43. Ke4 Ba3 44. Kd4 Bb2+ 45. Ke4 Bc1 46. Nh2 Bd2 47.
Nf1 Be1 48. Kf4 Bc3 49. Ke4 Be5 50. Kd3 a3 51. Ke4 Bb2 52. Ne3 Bc1 53. Nf1 Bb2
1/2-1/2

[Event "4NCL Division 4 South"]
[Site "Reading, ENG"]
[Date "2018.05.06"]
[Round "10.52"]
[White "Marsh, Roger D W"]
[Black "Phillips, William"]
[Result "1/2-1/2"]
[WhiteElo "1956"]
[BlackElo "1851"]
[PlyCount "84"]
[EventDate "2018.05.06"]

1. d4 Nf6 2. c4 e6 3. Nc3 b6 4. e3 Bb7 5. f3 Bb4 6. Nge2 O-O 7. a3 Bxc3+ 8.
Nxc3 d5 9. Bd3 Nbd7 10. O-O e5 11. cxd5 Nxd5 12. Nxd5 Bxd5 13. e4 Bb7 14. d5
Qe7 15. Be3 c6 16. dxc6 Bxc6 17. b4 Bb7 18. Qb3 Rac8 19. Rac1 Rfd8 20. Be2 Nf8
21. Rxc8 Rxc8 22. Rd1 Rd8 23. Rxd8 23... Qxd8 $11 24. Qd1 Qxd1+ 25. Bxd1 Ne6
26. Bb3 Kf8 27. a4 Ke7 28. a5 Nd4 29. Bxd4 exd4 30. axb6 axb6 31. Bc4 f6 32.
Kf1 Kd6 33. Ke2 g5 34. Kd3 Ke5 35. g3 Bc6 36. Ba6 h6 37. Bc4 f5 38. f4+ gxf4
39. gxf4+ Kxf4 40. exf5 Ke5 41. Be6 b5 42. Kd2 Be8 1/2-1/2

[Event "4NCL Division 4 South"]
[Site "Reading, ENG"]
[Date "2018.05.06"]
[Round "10.53"]
[White "Breed, Greg J"]
[Black "Adaway, William"]
[Result "1-0"]
[WhiteElo "1755"]
[BlackElo "1864"]
[PlyCount "93"]
[EventDate "2018.05.06"]

1. d4 d5 2. Bf4 Nf6 3. e3 g6 4. Bd3 Bg7 5. Nd2 c6 6. h3 b6 7. Qe2 a5 8. Ngf3
O-O 9. O-O Ba6 10. c4 Nbd7 11. Rac1 c5 12. Ne5 Nxe5 13. Bxe5 dxc4 14. Bxc4 Bxc4
15. Rxc4 Nd7 16. Bxg7 Kxg7 17. Ne4 b5 18. Rc2 cxd4 19. exd4 Qb6 20. Nc5 Nxc5
21. dxc5 Qc7 22. Qxb5 Rab8 23. Qe2 Rb4 24. Re1 Rfb8 25. c6 e5 26. Qxe5+ Qxe5
27. Rxe5 Rxb2 28. c7 Rb1+ 29. Kh2 Rc8 30. Rxa5 Rb7 31. Rac5 Ra7 32. Kg3 Kf6 33.
Kf4 Ra4+ 34. Ke3 Ke6 35. R5c4 Ra3+ 36. Ke4 f5+ 37. Kf4 h6 38. Rc6+ Kf7 39. Ke5
Rd3 40. Rf6+ Kg7 41. Rd6 Re8+ 42. Re6 Rc8 43. Re7+ Kf8 44. Kf6 Rd6+ 45. Re6 Rd7
46. Rec6 Rg7 47. a4 1-0